[Event "5th Marlboro Classic"]
[Site "Manila/Bauang PHI"]
[Date "1977.10.22"]
[Round "1"]
[White "Ardiansyah, Haji"]
[Black "Bachtiar, Arovah"]
[WhiteElo "2330"]
[BlackElo "2335"]
[Result "1/2-1/2"]
[EventDate "1977.10.21"]
[PlyCount "52"]

1.e4 c5 2.Nf3 a6 3.d4 cxd4 4.Nxd4 Nf6 5.Nc3 e5 6.Nf3 Bb4 7.Bd2 O-O 8.Bd3 
d5 9.Nxd5 Bxd2+ 10.Nxd2 Nxd5 11.exd5 Qxd5 12.O-O Be6 13.Be4 Qb5 14.Nf3 h6 
15.b3 Nd7 16.Qd6 Qc5 17.Rad1 Rab8 18.Rfe1 Rfe8 19.h3 Qxd6 20.Rxd6 Nc5 21.
Nxe5 Nxe4 22.Rxe4 Bf5 23.Re3 Bxc2 24.Rd7 f6 25.Nc4 Rxe3 26.Nxe3 Bb1 
1/2-1/2

[Event "5th Marlboro Classic"]
[Site "Manila/Bauang PHI"]
[Date "1977.10.22"]
[Round "1"]
[White "Balinas, Rosendo Carrean"]
[Black "Cardoso, Rodolfo Tan"]
[WhiteElo "2420"]
[BlackElo "2320"]
[Result "1/2-1/2"]
[EventDate "1977.10.21"]
[PlyCount "22"]

1.d4 Nf6 2.c4 e6 3.Nf3 b6 4.g3 Bb7 5.Bg2 Bb4+ 6.Bd2 Qe7 7.O-O Bxd2 8.Nbxd2
O-O 9.Ne1 Bxg2 10.Nxg2 d5 11.Rc1 c5 1/2-1/2

[Event "5th Marlboro Classic"]
[Site "Manila/Bauang PHI"]
[Date "1977.10.22"]
[Round "1"]
[White "Chandler, Murray Graham"]
[Black "Torre, Eugenio"]
[WhiteElo "2385"]
[BlackElo "2550"]
[Result "0-1"]
[EventDate "1977.10.21"]
[PlyCount "114"]

1.e4 d6 2.d4 Nf6 3.Nc3 g6 4.f4 Bg7 5.Nf3 c5 6.dxc5 Qa5 7.Bd3 Qxc5 8.Qe2 
Nc6 9.Be3 Qa5 10.O-O Bg4 11.h3 Bxf3 12.Qxf3 Nd7 13.Bd2 Nc5 14.Kh1 O-O 15.
Qg3 Nxd3 16.cxd3 f5 17.Rf2 e6 18.exf5 exf5 19.Re1 Rae8 20.Rfe2 Rxe2 21.
Rxe2 d5 22.Qe1 Qd8 23.Na4 Kf7 24.Bc3 d4 25.Bd2 b6 26.b4 Qd5 27.Qb1 Re8 28.
Rxe8 Kxe8 29.b5 Nd8 30.Nb2 Qxb5 31.Qe1+ Kd7 32.Nc4 Qd5 33.a4 Bf6 34.Bb4 
Nb7 35.Kg1 Nc5 36.Bxc5 Qxc5 37.Qb1 Ke7 38.Qd1 Kf7 39.Qf3 Kg7 40.Qb7+ Qe7 
41.Qd5 Qe1+ 42.Kh2 Qf2 43.Nd6 Qxf4+ 44.g3 Qf2+ 45.Kh1 Qe1+ 46.Kg2 Qe2+ 47.
Kh1 Qe7 48.h4 Be5 49.Nc8 Qc7 50.Nxa7 Qc1+ 51.Kg2 Qd2+ 52.Kh3 Qe2 53.Nc8 
Qg4+ 54.Kg2 Qxg3+ 55.Kf1 Qxd3+ 56.Kf2 Qe3+ 57.Kf1 Bg3 0-1

[Event "5th Marlboro Classic"]
[Site "Manila/Bauang PHI"]
[Date "1977.10.22"]
[Round "1"]
[White "Naranja, Renato"]
[Black "Kouatly, Bachar"]
[WhiteElo "2345"]
[BlackElo "2340"]
[Result "1-0"]
[EventDate "1977.10.21"]
[PlyCount "87"]

1.c4 Nf6 2.Nc3 d5 3.cxd5 Nxd5 4.Nf3 g6 5.Qb3 c6 6.e4 Nb6 7.Ng5 e6 8.Nf3 
Bg7 9.d4 Bxd4 10.Bg5 Bf6 11.Rd1 N8d7 12.Bh6 Qe7 13.a4 Qc5 14.Be2 a5 15.O-O
Qb4 16.Qc2 Bxc3 17.bxc3 Qxa4 18.Qb1 Qa3 19.Rd3 Na4 20.c4 Nc3 21.Qc2 Nxe2+ 
22.Qxe2 Qc5 23.Rfd1 b6 24.Qb2 Rg8 25.Ng5 e5 26.Qd2 Ra7 27.Nxh7 Qe7 28.Rd6 
f6 29.Rxc6 Ba6 30.Qd5 Qxh7 31.Re6+ Kd8 32.Be3 Kc7 33.Bxb6+ Kc8 34.Re7 Qxe7
35.Qxg8+ Nf8 36.c5 Rd7 37.Rxd7 Kxd7 38.Qd5+ Ke8 39.Qa8+ Kf7 40.Qxa6 Qd7 
41.Qc4+ Kg7 42.h3 a4 43.c6 Qc8 44.Qxa4 1-0

[Event "5th Marlboro Classic"]
[Site "Manila/Bauang PHI"]
[Date "1977.10.22"]
[Round "1"]
[White "Sampouw, Jacobus Sawandar"]
[Black "Harandi, Khosro"]
[WhiteElo "2315"]
[BlackElo "2375"]
[Result "1/2-1/2"]
[EventDate "1977.10.21"]
[PlyCount "25"]

1.e4 c5 2.Nf3 Nc6 3.d4 cxd4 4.Nxd4 Nf6 5.Nc3 d6 6.Be2 e5 7.Nb3 Be7 8.O-O 
O-O 9.Be3 a5 10.f3 a4 11.Nd2 a3 12.bxa3 Qa5 13.Nb3 1/2-1/2

[Event "5th Marlboro Classic"]
[Site "Manila/Bauang PHI"]
[Date "1977.10.22"]
[Round "1"]
[White "Sharif, Mehrshad"]
[Black "Tarjan, James Edward"]
[WhiteElo "2360"]
[BlackElo "2495"]
[Result "1/2-1/2"]
[EventDate "1977.10.21"]
[PlyCount "49"]

1.e4 e5 2.Nf3 Nc6 3.d4 exd4 4.c3 Nf6 5.e5 Ne4 6.Qe2 f5 7.exf6 d5 8.Nxd4 
Nxd4 9.cxd4 Bb4+ 10.Bd2 Bxd2+ 11.Nxd2 O-O 12.Nxe4 Re8 13.O-O-O Rxe4 14.Qh5
g6 15.Qg5 Bf5 16.Bd3 Rg4 17.f7+ Kxf7 18.Qh6 Rh4 19.Qe3 Qf6 20.g3 Re8 21.
Qf3 Rxd4 22.Bxf5 Rc4+ 23.Kb1 Qxf5+ 24.Qxf5+ gxf5 25.Rxd5 1/2-1/2

[Event "5th Marlboro Classic"]
[Site "Manila/Bauang PHI"]
[Date "1977.10.22"]
[Round "1"]
[White "Shaw, Terrey Ian"]
[Black "Mascarinas, Rico"]
[WhiteElo "2385"]
[BlackElo "2345"]
[Result "1-0"]
[EventDate "1977.10.21"]
[PlyCount "159"]

1.e4 c5 2.g3 b6 3.Bg2 Bb7 4.Nc3 e6 5.Nge2 Nf6 6.O-O d6 7.d3 a6 8.a4 Qc7 9.
f4 Nc6 10.f5 Be7 11.fxe6 fxe6 12.Bh3 Nd8 13.Nf4 Bc8 14.Bd2 Rb8 15.Qe2 b5 
16.axb5 axb5 17.Nd1 O-O 18.Ba5 Qb7 19.Bxd8 Bxd8 20.Bxe6+ Bxe6 21.Nxe6 Re8 
22.Nxd8 Rbxd8 23.Qf3 Qb6 24.Nc3 Rf8 25.Qf5 c4+ 26.Qf2 Qxf2+ 27.Rxf2 b4 28.
Nb5 Rfe8 29.dxc4 Rxe4 30.b3 d5 31.Rd1 Rb8 32.Nd6 Re6 33.c5 Re7 34.Ra1 Rc7 
35.Ra5 h6 36.Re2 Kf8 37.Kf2 Nd7 38.c6 Rxc6 39.Rxd5 Nf6 40.Rb5 Rxb5 41.Nxb5
g5 42.Nd4 Rc3 43.h3 Kf7 44.Re3 Rc5 45.Ke2 h5 46.Kd2 g4 47.h4 Ne8 48.c4 
bxc3+ 49.Rxc3 Rd5 50.Rd3 Nf6 51.Ne2 Rb5 52.Kc3 Rf5 53.Kc4 Rf2 54.Nc3 Ke6 
55.b4 Nd7 56.Re3+ Ne5+ 57.Kc5 Rf8 58.b5 Rc8+ 59.Kb4 Rf8 60.Ne2 Rf3 61.Re4 
Kd6 62.b6 Nc6+ 63.Kc4 Rf5 64.Nf4 Rc5+ 65.Kd3 Ne5+ 66.Ke2 Rb5 67.Nxh5 Rxb6 
68.Nf6 Rb2+ 69.Kd1 Rg2 70.Nxg4 Nf3 71.Ne3 Rd2+ 72.Kc1 Rh2 73.Rf4 Ne5 74.
Kd1 Ke6 75.Ng4 Rg2 76.Re4 Kf5 77.Rf4+ Ke6 78.Re4 Kf5 79.Rxe5+ Kxg4 80.Rg5+
1-0

[Event "5th Marlboro Classic"]
[Site "Manila/Bauang PHI"]
[Date "1977.10.23"]
[Round "2"]
[White "Ardiansyah, Haji"]
[Black "Chandler, Murray Graham"]
[WhiteElo "2330"]
[BlackElo "2385"]
[Result "1/2-1/2"]
[EventDate "1977.10.21"]
[PlyCount "71"]

1.c4 Nf6 2.d4 g6 3.Nc3 d5 4.cxd5 Nxd5 5.e4 Nxc3 6.bxc3 Bg7 7.Bc4 O-O 8.Ne2
b6 9.O-O Bb7 10.Ng3 Nc6 11.Be3 Na5 12.Bd3 e5 13.dxe5 Bxe5 14.Qc2 Qe7 15.f4
Bg7 16.Bd4 Rad8 17.Bxg7 Kxg7 18.f5 Rd6 19.Rf3 Nc6 20.Raf1 Qd8 21.f6+ Kh8 
22.Be2 Ne5 23.R3f2 Rd2 24.Qc1 Qd6 25.Rd1 Rd8 26.Rxd2 Qxd2 27.Qa3 Qd6 28.
Qc1 Qc5 29.Qh6 Rg8 30.Qd2 Qd6 31.Qe3 Rd8 32.Qh6 Qf8 33.Qg5 Qc5 34.Qh6 Qf8 
35.Qf4 Qc5 36.Qh6 1/2-1/2

[Event "5th Marlboro Classic"]
[Site "Manila/Bauang PHI"]
[Date "1977.10.23"]
[Round "2"]
[White "Bachtiar, Arovah"]
[Black "Cardoso, Rodolfo Tan"]
[WhiteElo "2335"]
[BlackElo "2320"]
[Result "1-0"]
[EventDate "1977.10.21"]
[PlyCount "93"]

1.e4 e5 2.Nf3 Nc6 3.Bb5 a6 4.Ba4 Nf6 5.O-O Be7 6.Re1 b5 7.Bb3 d6 8.c3 O-O 
9.h3 Na5 10.Bc2 c5 11.d4 Nd7 12.Nbd2 cxd4 13.cxd4 Nc6 14.Nf1 Bf6 15.Be3 
Bb7 16.Rc1 g6 17.Qd2 exd4 18.Nxd4 Nce5 19.b3 Nc5 20.f3 Qe7 21.Bb1 Rfd8 22.
Ne2 a5 23.Nc3 a4 24.f4 Ned7 25.Nd5 Qf8 26.b4 Ne6 27.Nxf6+ Nxf6 28.f5 Ng7 
29.Bg5 Nge8 30.Ng3 Rdc8 31.fxg6 hxg6 32.Rf1 Rxc1 33.Qxc1 Nd7 34.a3 Qg7 35.
Ba2 d5 36.Qd2 Nb6 37.exd5 Nc4 38.Bxc4 bxc4 39.d6 c3 40.Qf4 f6 41.Qc4+ Kh8 
42.Bf4 Rd8 43.Qxc3 Nxd6 44.Bh6 Qe7 45.Bg5 Ne8 46.Rxf6 Kh7 47.Rxg6 1-0

[Event "5th Marlboro Classic"]
[Site "Manila/Bauang PHI"]
[Date "1977.10.23"]
[Round "2"]
[White "Harandi, Khosro"]
[Black "Shaw, Terrey Ian"]
[WhiteElo "2375"]
[BlackElo "2385"]
[Result "1-0"]
[EventDate "1977.10.21"]
[PlyCount "51"]

1.e4 e5 2.Nf3 Nc6 3.Bb5 a6 4.Ba4 Nf6 5.O-O Be7 6.Re1 b5 7.Bb3 d6 8.c3 O-O 
9.d4 exd4 10.cxd4 Bg4 11.Nc3 Na5 12.Bc2 c5 13.e5 Nd7 14.Qd3 g6 15.Bh6 Re8 
16.exd6 Bxd6 17.Rxe8+ Qxe8 18.Re1 Qd8 19.dxc5 Bxc5 20.Nd5 Nc4 21.Qc3 f6 
22.h3 Bxf3 23.Qxf3 f5 24.Bxf5 Bd4 25.Bxd7 Qxd7 26.Ne7+ 1-0

[Event "5th Marlboro Classic"]
[Site "Manila/Bauang PHI"]
[Date "1977.10.23"]
[Round "2"]
[White "Kouatly, Bachar"]
[Black "Sharif, Mehrshad"]
[WhiteElo "2340"]
[BlackElo "2360"]
[Result "0-1"]
[EventDate "1977.10.21"]
[PlyCount "86"]

1.d4 Nf6 2.c4 e6 3.Nc3 Bb4 4.Bg5 h6 5.Bh4 c5 6.d5 Bxc3+ 7.bxc3 d6 8.f3 e5 
9.e4 Nbd7 10.Bd3 Nf8 11.Bf2 Nh5 12.g3 g6 13.h4 f5 14.Ne2 Qe7 15.Qc2 f4 16.
gxf4 Nxf4 17.Nxf4 exf4 18.e5 Qxe5+ 19.Kd2 Qf6 20.Rae1+ Kd8 21.Re4 Bd7 22.
Qb3 Kc7 23.Rb1 b6 24.a4 g5 25.a5 Rb8 26.axb6+ axb6 27.Ra1 Ng6 28.Ra7+ Rb7 
29.Rxb7+ Kxb7 30.Re6 Bxe6 31.dxe6 Qxe6 32.Be4+ Kc7 33.Qa4 Ne5 34.Bd5 Qc8 
35.Qa7+ Kd8 36.Qg7 Re8 37.Qxh6 Kc7 38.hxg5 Qa6 39.Qh7+ Kd8 40.Qb1 Nxc4+ 
41.Bxc4 Qxc4 42.Qxb6+ Kd7 43.Qb7+ Ke6 0-1

[Event "5th Marlboro Classic"]
[Site "Manila/Bauang PHI"]
[Date "1977.10.23"]
[Round "2"]
[White "Mascarinas, Rico"]
[Black "Naranja, Renato"]
[WhiteElo "2345"]
[BlackElo "2345"]
[Result "1/2-1/2"]
[EventDate "1977.10.21"]
[PlyCount "82"]

1.e4 c5 2.Nf3 e6 3.c3 Nf6 4.e5 Nd5 5.d4 cxd4 6.cxd4 Nc6 7.a3 Be7 8.Bd3 d6 
9.O-O O-O 10.Qe2 f5 11.Rd1 Bd7 12.Bc4 Na5 13.Ba2 dxe5 14.Nxe5 Ba4 15.Re1 
Bb3 16.Qd3 Bxa2 17.Rxa2 Rc8 18.b4 Nc6 19.Nf3 Bf6 20.Rae2 Re8 21.g3 Qd7 22.
Bb2 a6 23.Nbd2 Nd8 24.Nb3 Qb5 25.Qxb5 axb5 26.Rc1 Rxc1+ 27.Nxc1 Re7 28.Rc2
Rc7 29.Rxc7 Nxc7 30.Ne2 Nd5 31.Kf1 Kf7 32.Ke1 Nc6 33.Kd2 Ke7 34.Kd3 Kd7 
35.Ne5+ Bxe5 36.dxe5 b6 37.f4 h5 38.Bd4 Kc7 39.Bf2 Kb7 40.Kc2 Kc7 41.Kb3 
Kb7 1/2-1/2

[Event "5th Marlboro Classic"]
[Site "Manila/Bauang PHI"]
[Date "1977.10.23"]
[Round "2"]
[White "Tarjan, James Edward"]
[Black "Balinas, Rosendo Carrean"]
[WhiteElo "2495"]
[BlackElo "2420"]
[Result "1-0"]
[EventDate "1977.10.21"]
[PlyCount "53"]

1.d4 Nf6 2.c4 e6 3.Nc3 Bb4 4.Nf3 b6 5.e3 Bb7 6.Bd3 O-O 7.O-O d5 8.cxd5 
exd5 9.Ne5 Nbd7 10.f4 c5 11.Bd2 c4 12.Bf5 Nb8 13.Qf3 b5 14.Be1 Qb6 15.Bh4 
Bxc3 16.bxc3 g6 17.Bc2 Ne4 18.f5 g5 19.Bxe4 dxe4 20.Qg4 f6 21.Bxg5 fxg5 
22.Qxg5+ Kh8 23.Ng6+ Kg7 24.f6+ Rxf6 25.Ne5+ Rg6 26.Qe7+ Kh6 27.Qh4+ 1-0

[Event "5th Marlboro Classic"]
[Site "Manila/Bauang PHI"]
[Date "1977.10.23"]
[Round "2"]
[White "Torre, Eugenio"]
[Black "Sampouw, Jacobus Sawandar"]
[WhiteElo "2550"]
[BlackElo "2315"]
[Result "1-0"]
[EventDate "1977.10.21"]
[PlyCount "49"]

1.c4 e5 2.Nc3 Nf6 3.g3 c6 4.Nf3 d6 5.Bg2 Nbd7 6.O-O Be7 7.d4 O-O 8.e4 Re8 
9.h3 Bf8 10.Qc2 Qc7 11.Rd1 b5 12.cxb5 cxb5 13.Qb3 a6 14.Be3 exd4 15.Nxd4 
Bb7 16.Nd5 Qd8 17.Bg5 Rb8 18.Rac1 h6 19.Bxf6 Nxf6 20.Re1 Nd7 21.Nc6 Bxc6 
22.Rxc6 Nc5 23.Qc3 Qd7 24.Rc7 b4 25.Qxc5 1-0

[Event "5th Marlboro Classic"]
[Site "Manila/Bauang PHI"]
[Date "1977.10.24"]
[Round "3"]
[White "Balinas, Rosendo Carrean"]
[Black "Kouatly, Bachar"]
[WhiteElo "2420"]
[BlackElo "2340"]
[Result "1/2-1/2"]
[EventDate "1977.10.21"]
[PlyCount "101"]

1.e4 c5 2.Nf3 Nc6 3.d4 cxd4 4.Nxd4 Nf6 5.Nc3 e5 6.Ndb5 d6 7.a4 h6 8.Nd5 
Nxd5 9.exd5 Ne7 10.c4 a6 11.Nc3 g6 12.Be2 Bg7 13.O-O O-O 14.a5 Nf5 15.Bd2 
Nd4 16.Na4 Bf5 17.Rc1 Rc8 18.Nb6 Rc7 19.Bc3 Qh4 20.b4 Rd8 21.Bxd4 Qxd4 22.
Qxd4 exd4 23.Rfd1 h5 24.Bd3 Bh6 25.Rb1 Bg4 26.f3 Be3+ 27.Kf1 Bf5 28.Rb2 
Bxd3+ 29.Rxd3 g5 30.Rc2 g4 31.fxg4 hxg4 32.g3 Kg7 33.c5 dxc5 34.bxc5 f5 
35.Rc4 Rf7 36.Kg2 Kf6 37.c6 bxc6 38.dxc6 Rc7 39.Rc5 Ke6 40.Nc4 Rd5 41.Rxd5
Kxd5 42.Nxe3+ Ke4 43.Rb3 dxe3 44.Rb6 Kd3 45.Rb3+ Kd2 46.Rb2+ Kc3 47.Rb6 
Kd3 48.Rb3+ Kd2 49.Rb2+ Kc1 50.Rb6 Kd2 51.Rb2+ 1/2-1/2

[Event "5th Marlboro Classic"]
[Site "Manila/Bauang PHI"]
[Date "1977.10.24"]
[Round "3"]
[White "Cardoso, Rodolfo Tan"]
[Black "Tarjan, James Edward"]
[WhiteElo "2320"]
[BlackElo "2495"]
[Result "1/2-1/2"]
[EventDate "1977.10.21"]
[PlyCount "102"]

1.e4 c5 2.Nf3 e6 3.d4 cxd4 4.Nxd4 Nc6 5.Nc3 a6 6.Be3 Qc7 7.Bd3 b5 8.O-O 
Bb7 9.Nb3 Nf6 10.f4 d6 11.Kh1 Be7 12.a4 b4 13.Ne2 Na5 14.Nd2 d5 15.e5 Ne4 
16.Bxe4 dxe4 17.Ng3 O-O 18.Qg4 f5 19.exf6 Bxf6 20.Qxe6+ Kh8 21.Qb6 Rac8 
22.Qxb4 Nc6 23.Qb6 Qxb6 24.Bxb6 Nb4 25.c3 e3 26.Nb3 Nd5 27.Bc5 Rfe8 28.Ne2
a5 29.Bd4 Ba6 30.Rae1 Rb8 31.Nc5 Bxe2 32.Rxe2 Bxd4 33.cxd4 Rb4 34.g3 Rxd4 
35.Kg2 Kg8 36.Kf3 Rc4 37.Nb7 Rxa4 38.Rd1 Nb6 39.Nd6 Rd8 40.b3 Ra3 41.Rxe3 
a4 42.Nc4 Rxd1 43.Nxa3 Nd5 44.Re8+ Kf7 45.Ra8 Rd3+ 46.Ke4 Rxb3 47.Kxd5 
Rxa3 48.Ke5 Ra1 49.Kf5 a3 50.Ra7+ Kf8 51.g4 Rh1 1/2-1/2

[Event "5th Marlboro Classic"]
[Site "Manila/Bauang PHI"]
[Date "1977.10.24"]
[Round "3"]
[White "Chandler, Murray Graham"]
[Black "Bachtiar, Arovah"]
[WhiteElo "2385"]
[BlackElo "2335"]
[Result "0-1"]
[EventDate "1977.10.21"]
[PlyCount "82"]

1.e4 c5 2.Nf3 d6 3.d4 cxd4 4.Nxd4 Nf6 5.Nc3 e5 6.Nf3 Be7 7.Bg5 a6 8.Qd2 
Nbd7 9.Bc4 Rb8 10.a4 O-O 11.Rd1 Qc7 12.b3 b5 13.axb5 axb5 14.Bxb5 d5 15.
O-O d4 16.Nd5 Nxd5 17.exd5 Bxg5 18.Nxg5 h6 19.Bxd7 Qxd7 20.Nf3 Qxd5 21.c4 
Qd6 22.b4 Bg4 23.Rb1 Bxf3 24.gxf3 Qg6+ 25.Kh1 Qf5 26.Qe2 Rfc8 27.Rfd1 Rb6 
28.Rb3 Rg6 29.c5 Qg5 30.Qf1 Qf4 31.Qh3 f5 32.Rbb1 Kh7 33.Rg1 Rxg1+ 34.Rxg1
d3 35.Qh5 Rc6 36.b5 g6 37.Qh3 Rxc5 38.Qg2 g5 39.b6 Rb5 40.Qf1 Qxf3+ 41.Rg2
Rxb6 0-1

[Event "5th Marlboro Classic"]
[Site "Manila/Bauang PHI"]
[Date "1977.10.24"]
[Round "3"]
[White "Naranja, Renato"]
[Black "Harandi, Khosro"]
[WhiteElo "2345"]
[BlackElo "2375"]
[Result "1/2-1/2"]
[EventDate "1977.10.21"]
[PlyCount "121"]

1.c4 Nf6 2.Nf3 b6 3.g3 Bb7 4.Bg2 e6 5.O-O Be7 6.Nc3 O-O 7.d4 Ne4 8.Qc2 
Nxc3 9.Qxc3 c5 10.dxc5 bxc5 11.Be3 d6 12.Rac1 a5 13.Rfd1 Nd7 14.Ne1 Bxg2 
15.Kxg2 Qb6 16.Nd3 Rfd8 17.f3 Nb8 18.Rc2 Nc6 19.Qd2 h6 20.h4 Nb4 21.Nxb4 
axb4 22.b3 Ra6 23.Qc1 Rda8 24.Rdd2 Qb7 25.Bf2 Bf6 26.e4 Qe7 27.Re2 Be5 28.
f4 Bf6 29.Qe3 Bd4 30.Qd2 Bc3 31.Qd1 Bf6 32.Kh2 Qc7 33.Qh1 Be7 34.Be1 Bf8 
35.Qf3 Qe7 36.Bf2 Qf6 37.Qh1 Qg6 38.Qf3 Qf6 39.Qh1 Qd8 40.Rcd2 Qc7 41.Qf3 
Qc6 42.Kg2 f5 43.exf5 Qxf3+ 44.Kxf3 exf5 45.h5 Kf7 46.g4 fxg4+ 47.Kxg4 Be7
48.f5 Bg5 49.Rc2 Bf6 50.Bg3 Bd4 51.Bh4 R6a7 52.Bf2 Bxf2 53.Rxf2 Re7 54.
Rcd2 Rd8 55.Rfe2 Rxe2 56.Rxe2 d5 57.cxd5 Rxd5 58.Kf4 Rd4+ 59.Ke5 Rh4 60.
Rc2 Rxh5 61.Rxc5 1/2-1/2

[Event "5th Marlboro Classic"]
[Site "Manila/Bauang PHI"]
[Date "1977.10.24"]
[Round "3"]
[White "Sampouw, Jacobus Sawandar"]
[Black "Ardiansyah, Haji"]
[WhiteElo "2315"]
[BlackElo "2330"]
[Result "1/2-1/2"]
[EventDate "1977.10.21"]
[PlyCount "96"]

1.e4 g6 2.d4 Bg7 3.Nc3 d6 4.Nf3 Nf6 5.h3 O-O 6.Be3 c6 7.Qd2 b5 8.e5 b4 9.
Na4 Nd5 10.Bh6 Ba6 11.h4 Bxf1 12.Kxf1 dxe5 13.h5 Nf4 14.Bxg7 Kxg7 15.Nxe5 
g5 16.g3 Qd5 17.Rh2 Ne6 18.Nc5 f6 19.Nxe6+ Qxe6 20.Nd3 Na6 21.Re1 Qd6 22.
Qe3 Rfe8 23.Qe6 Qd5 24.f4 Nc7 25.Qxd5 Nxd5 26.fxg5 fxg5 27.h6+ Kh8 28.Rh5 
Rg8 29.Re6 Raf8+ 30.Kg1 Rf6 31.Ne5 Rgf8 32.Rxf6 exf6 33.Nxc6 Rc8 34.Nxa7 
Rxc2 35.Rh2 Rc1+ 36.Kf2 f5 37.Nb5 Rb1 38.b3 Ra1 39.Nd6 Rxa2+ 40.Kg1 Ra1+ 
41.Kg2 Rb1 42.Rh5 Rb2+ 43.Kg1 Rb1+ 44.Kf2 Nf6 45.Rxg5 Ng4+ 46.Ke2 Nxh6 47.
Nxf5 Nxf5 48.Rxf5 Rxb3 1/2-1/2

[Event "5th Marlboro Classic"]
[Site "Manila/Bauang PHI"]
[Date "1977.10.24"]
[Round "3"]
[White "Sharif, Mehrshad"]
[Black "Mascarinas, Rico"]
[WhiteElo "2360"]
[BlackElo "2345"]
[Result "1-0"]
[EventDate "1977.10.21"]
[PlyCount "85"]

1.e4 c5 2.Nf3 Nc6 3.d4 cxd4 4.Nxd4 Nf6 5.Nc3 d6 6.Bc4 e6 7.Be3 Be7 8.Qe2 
O-O 9.O-O-O a6 10.Bb3 Qc7 11.g4 Nxd4 12.Rxd4 b5 13.g5 Nd7 14.Rg1 Nc5 15.e5
g6 16.Rh4 Bb7 17.Rg3 Kg7 18.Bd4 Nxb3+ 19.axb3 d5 20.f4 Bc5 21.Qe3 Bxd4 22.
Qxd4 Rh8 23.Nd1 Rac8 24.Rc3 Qa5 25.Kb1 b4 26.Rxc8 Rxc8 27.Ne3 Qc5 28.Qxc5 
Rxc5 29.Ng4 Rc8 30.Nf6 Rh8 31.Kc1 h5 32.gxh6+ Rxh6 33.Rxh6 Kxh6 34.h4 Bc6 
35.Kd2 Bb5 36.Ke3 Bf1 37.c3 bxc3 38.bxc3 a5 39.Ne8 Kh5 40.Nd6 Kxh4 41.Nxf7
Bb5 42.Nd8 g5 43.fxg5 1-0

[Event "5th Marlboro Classic"]
[Site "Manila/Bauang PHI"]
[Date "1977.10.24"]
[Round "3"]
[White "Shaw, Terrey Ian"]
[Black "Torre, Eugenio"]
[WhiteElo "2385"]
[BlackElo "2550"]
[Result "0-1"]
[EventDate "1977.10.21"]
[PlyCount "52"]

1.e4 c5 2.g3 d5 3.exd5 Qxd5 4.Nf3 Bg4 5.Bg2 Qe6+ 6.Kf1 Bh3 7.d3 Nc6 8.Be3 
Qf5 9.Nc3 b6 10.Qe2 Rd8 11.Nb5 Rd7 12.Bf4 e6 13.Rd1 Be7 14.d4 g5 15.d5 Nd4
16.Nbxd4 cxd4 17.dxe6 fxe6 18.Nxg5 Bxg2+ 19.Kxg2 Bxg5 20.Qh5+ Rf7 21.Qxg5 
Qe4+ 22.Kh3 Rf5 23.Qg7 Nf6 24.Qxh8+ Kf7 25.Qxf6+ Kxf6 26.f3 Qxf3 0-1

[Event "5th Marlboro Classic"]
[Site "Manila/Bauang PHI"]
[Date "1977.10.25"]
[Round "4"]
[White "Ardiansyah, Haji"]
[Black "Shaw, Terrey Ian"]
[WhiteElo "2330"]
[BlackElo "2385"]
[Result "0-1"]
[EventDate "1977.10.21"]
[PlyCount "206"]

1.e4 e5 2.Nf3 Nc6 3.Bb5 a6 4.Ba4 Nf6 5.O-O Be7 6.Re1 b5 7.Bb3 d6 8.c3 O-O 
9.h3 Na5 10.Bc2 c5 11.d4 Qc7 12.Nbd2 Nc6 13.Nf1 cxd4 14.cxd4 exd4 15.Bf4 
Nd7 16.Rc1 Qb6 17.e5 Ndxe5 18.Be4 Bb7 19.Ng3 Nxf3+ 20.Bxf3 Ne5 21.Bxb7 
Qxb7 22.Qxd4 Bf6 23.Qd1 Ng6 24.Bxd6 Rfd8 25.Ne4 Bxb2 26.Qf3 Rd7 27.Rc2 Be5
28.Bxe5 Nxe5 29.Qg3 Re7 30.Rce2 Ng6 31.Nf6+ Kh8 32.Rxe7 Nxe7 33.Qe5 Ng6 
34.Qe8+ Nf8 35.Qe5 Ng6 36.Qe8+ Nf8 37.Qe5 gxf6 38.Qxf6+ Kg8 39.h4 Qd5 40.
Re5 Qd1+ 41.Kh2 Qd8 42.Re7 Qd5 43.Re5 Qc4 44.h5 Ne6 45.Re3 Ra7 46.g3 Qg4 
47.h6 Rd7 48.Kg2 Qg6 49.Qh4 f5 50.Rc3 Qg5 51.Qxg5+ Nxg5 52.Rc5 Nf7 53.Rxf5
Rd6 54.a4 bxa4 55.Ra5 Nxh6 56.Rxa4 Kf7 57.g4 Ke6 58.Kg3 Nf7 59.f4 Kd5 60.
Ra1 Rb6 61.Rh1 Rb3+ 62.Kg2 h6 63.Ra1 Rb6 64.Kg3 Ke6 65.Kh4 Kf6 66.Kg3 Nd8 
67.Kh4 Ne6 68.Ra5 Kg7 69.f5 Ng5 70.Ra3 Ne4 71.Ra5 Nf6 72.Ra4 Kf7 73.Kh3 
Nd7 74.Ra5 Rc6 75.Kh4 Nc5 76.Kh5 Ne4 77.Kh4 Rc1 78.Kh3 Rc3+ 79.Kh2 Nc5 80.
Ra1 Kf6 81.Rd1 Kg5 82.Rd6 Kxg4 83.f6 Rf3 84.Rd4+ Kg5 85.Rd5+ Rf5 86.f7 Ne6
87.Rd6 Nf8 88.Rxa6 Rxf7 89.Kg3 Ng6 90.Ra5+ Rf5 91.Ra3 h5 92.Rb3 h4+ 93.Kh3
Nf4+ 94.Kh2 Ra5 95.Rb8 Ra2+ 96.Kh1 Kg4 97.Rb4 Rd2 98.Rb3 Nh5 99.Kg1 Nf4 
100.Re3 Nh3+ 101.Kh1 Nf2+ 102.Kg1 h3 103.Re1 h2+ 0-1

[Event "5th Marlboro Classic"]
[Site "Manila/Bauang PHI"]
[Date "1977.10.25"]
[Round "4"]
[White "Chandler, Murray Graham"]
[Black "Sampouw, Jacobus Sawandar"]
[WhiteElo "2385"]
[BlackElo "2315"]
[Result "0-1"]
[EventDate "1977.10.21"]
[PlyCount "78"]

1.e4 e5 2.Nf3 Nc6 3.c3 Nf6 4.d4 d5 5.Bb5 Bg4 6.dxe5 Nxe4 7.h3 Bh5 8.Be3 
Bc5 9.Bxc5 Nxc5 10.b4 Ne4 11.Nbd2 Qe7 12.Qb3 O-O 13.Bxc6 Nxd2 14.Kxd2 bxc6
15.Rhe1 a5 16.Nd4 Qg5+ 17.Kc2 Qxg2 18.Rac1 axb4 19.Nxc6 Qg6+ 20.Kb2 Qxc6 
21.cxb4 Qb6 22.Re3 Qd4+ 23.Qc3 Qf4 24.Qd2 d4 25.Rd3 Qxe5 26.Rc5 Qe6 27.a3 
Bg6 28.Rxd4 Qxh3 29.Qe3 Qh1 30.Rc1 Qb7 31.Rd7 Rfe8 32.Re7 Rxe7 33.Qxe7 Qb6
34.Rc5 h5 35.f4 Qa6 36.Qe3 Qf1 37.f5 Bxf5 38.Qc1 Qe2+ 39.Ka1 Rd8 {time} 
0-1

[Event "5th Marlboro Classic"]
[Site "Manila/Bauang PHI"]
[Date "1977.10.25"]
[Round "4"]
[White "Harandi, Khosro"]
[Black "Sharif, Mehrshad"]
[WhiteElo "2375"]
[BlackElo "2360"]
[Result "1-0"]
[EventDate "1977.10.21"]
[PlyCount "65"]

1.e4 e5 2.Nf3 Nc6 3.Bb5 a6 4.Ba4 Nf6 5.O-O Be7 6.Re1 b5 7.Bb3 d6 8.c3 O-O 
9.d4 Bg4 10.d5 Na5 11.Bc2 c6 12.h3 Bxf3 13.Qxf3 cxd5 14.exd5 Nc4 15.Nd2 
Nb6 16.Nf1 Ne8 17.a4 bxa4 18.Ng3 Bg5 19.Qf5 g6 20.Qxg5 f6 21.Qg4 Rc8 22.
Bxa4 Rc4 23.Qd1 f5 24.Bb3 Rh4 25.Rxa6 Nd7 26.Ra4 f4 27.Ne4 Rf5 28.Qf3 Rfh5
29.Bd1 Nef6 30.Nxf6+ Nxf6 31.Qd3 Rg5 32.Qa6 Rxh3 33.Qb7 1-0

[Event "5th Marlboro Classic"]
[Site "Manila/Bauang PHI"]
[Date "1977.10.25"]
[Round "4"]
[White "Kouatly, Bachar"]
[Black "Cardoso, Rodolfo Tan"]
[WhiteElo "2340"]
[BlackElo "2320"]
[Result "0-1"]
[EventDate "1977.10.21"]
[PlyCount "64"]

1.d4 g6 2.c4 c6 3.Nc3 d5 4.cxd5 cxd5 5.Bf4 Nf6 6.e3 Bg7 7.Bxb8 Rxb8 8.Qa4+
Bd7 9.Qxa7 b5 10.Qc5 O-O 11.Qb4 e5 12.dxe5 Ng4 13.Nf3 Re8 14.Be2 Nxe5 15.
O-O Nc6 16.Qd6 d4 17.Nxb5 d3 18.Bxd3 Ne5 19.Nxe5 Bxe5 20.Qc5 Qg5 21.g3 Qh5
22.a4 Qf3 23.Qc2 Bxb2 24.Be2 Qf6 25.Rab1 Be5 26.f4 Bd6 27.Nxd6 Qxd6 28.Qd3
Qe6 29.a5 Bc6 30.a6 Be4 31.a7 Rxb1 32.Rxb1 Bxd3 {time} 0-1

[Event "5th Marlboro Classic"]
[Site "Manila/Bauang PHI"]
[Date "1977.10.25"]
[Round "4"]
[White "Mascarinas, Rico"]
[Black "Balinas, Rosendo Carrean"]
[WhiteElo "2345"]
[BlackElo "2420"]
[Result "0-1"]
[EventDate "1977.10.21"]
[PlyCount "122"]

1.e4 e5 2.Nf3 Nc6 3.Bb5 d6 4.d4 Bd7 5.O-O exd4 6.Nxd4 Nf6 7.Nxc6 bxc6 8.
Bd3 Be7 9.b3 O-O 10.Bb2 Ng4 11.Be2 Bf6 12.c3 Qc8 13.Qd2 Re8 14.f3 Nh6 15.
Na3 d5 16.Rad1 Be6 17.Bd3 Qb7 18.Qc2 g6 19.Rfe1 Bg7 20.Bc1 a5 21.Be3 a4 
22.b4 dxe4 23.Bxe4 Nf5 24.Bc5 Nd6 25.Bd3 Rad8 26.c4 Qa8 27.Bf2 Nf5 28.Qb1 
Nd4 29.Nc2 c5 30.Be4 Qa6 31.b5 Qa5 32.Nxd4 cxd4 33.Qd3 Qb4 34.Rc1 Bh6 35.
Rc2 f5 36.Bc6 Bd7 37.Bd5+ Kf8 38.Rxe8+ Rxe8 39.g3 Qb1+ 40.Kg2 Bg7 41.Rd2 
Qxd3 42.Rxd3 Re2 43.a3 Ke7 44.Kf1 Ra2 45.Be1 Rxh2 46.Bb4+ Ke8 47.f4 Ra2 
48.Rd1 Kd8 49.Ke1 Rb2 50.Rd2 Rb3 51.Kf2 Bf6 52.c5 Rxb4 53.axb4 Bxb5 54.Bg2
d3 55.Bf1 Bd4+ 56.Kg2 Bc3 57.Rd1 Bc6+ 58.Kf2 d2 59.b5 Bd7 60.Ke3 a3 61.Kd3
Bf6 0-1

[Event "5th Marlboro Classic"]
[Site "Manila/Bauang PHI"]
[Date "1977.10.25"]
[Round "4"]
[White "Tarjan, James Edward"]
[Black "Bachtiar, Arovah"]
[WhiteElo "2495"]
[BlackElo "2335"]
[Result "0-1"]
[EventDate "1977.10.21"]
[PlyCount "116"]

1.d4 Nf6 2.c4 e6 3.Nc3 Bb4 4.Nf3 b6 5.e3 Bb7 6.Bd3 O-O 7.O-O Bxc3 8.bxc3 
d6 9.Nd2 e5 10.e4 Re8 11.f3 Nbd7 12.Rb1 Nf8 13.Bc2 Qe7 14.Re1 Ne6 15.Nf1 
c5 16.dxe5 dxe5 17.Ne3 Red8 18.Nd5 Qf8 19.Bd3 Ne8 20.g3 Qd6 21.Rb2 Nf8 22.
f4 Ng6 23.f5 Ne7 24.a4 Ba6 25.g4 Qd7 26.g5 Nd6 27.Rg2 Bxc4 28.Nf6+ gxf6 
29.gxf6+ Kh8 30.Re3 Nxe4 31.fxe7 Qxe7 32.Rh3 f6 33.Bh6 Ng5 34.Bxg5 fxg5 
35.f6 Qf7 36.Rxg5 Rxd3 37.Rxd3 Bxd3 38.Qxd3 Qxf6 39.Qg3 Rf8 40.Qxe5 Qxe5 
41.Rxe5 Rf7 42.a5 Kg7 43.Re6 bxa5 44.Rc6 Rf6 45.Rc7+ Kg6 46.Rxa7 Rf3 47.c4
Rf4 48.Rxa5 Rxc4 49.Kg2 h5 50.Ra8 Kg5 51.Ra3 Kf4 52.Rh3 Kg4 53.Rg3+ Kf5 
54.Ra3 Ke5 55.Ra8 Rf4 56.Ra5 Kd4 57.Kg3 Rf5 58.Kh4 Re5 0-1